LDR 01128naa#a2200181#i#450# 001 RU\\bibl\126813 005 20260701071143.3 011 ## _a1815-588X 100 ## _a20260630b2026####ek#y0rusy0150####ca 102 ## _aRU 200 1# _aПроблемы аварийности при всплытии паркинга и методы стабилизации путем применения анкерной (многовинтовой) сваи на примере одного из объектов в Санкт-Петербурге _eЖурнальная статья 210 1# _aСанкт-Петербург _cФГБОУ ВО "Петербургский государственный университет путей сообщения Императора Александра I" _d2026 215 ## _a12 с. 608 ## _aЖурнальная статья _2local 675 ## _aСвайные фундаменты. Свайные основания. Сваи в целом. 624.154 _z 700 #1 _aМакаров _gАлексей Николаевич 700 #1 _aКравченко _gПавел Александрович 856 4# _aitt-pgups.ru _u